000 00432nam a2200133Ia 4500
008 151001s9999||||xx |||||||||||||| ||und||
100 _aविनोदकुमार मिश्र
245 _aविकलांगता समस्याए व समाधान
250 _a1
260 _bजगतराम एंड कंपनी दिल्ली
260 _c२०१०
300 _a295
365 _b21
999 _c1000662
_d1000659